Ceramics in archaeology : (Registro nro. 30573)

Detalles MARC
000 -LEADER
campo de control de longitud fija 02893cam a22005054i 4500
003 - IDENTIFICADOR DE NÚMERO DE CONTROL
campo de control PE-LiUPU
005 - FECHA Y HORA DE LA ÚLTIMA TRANSACCIÓN
campo de control 20250731173111.0
008 - DATOS DE LONGITUD FIJA--INFORMACIÓN GENERAL
campo de control de longitud fija 181220s2017 it a r 001 0 eng
020 ## - NÚMERO INTERNACIONAL ESTÁNDAR DEL LIBRO
Número Internacional Estándar del Libro 8891310123
020 ## - NÚMERO INTERNACIONAL ESTÁNDAR DEL LIBRO
Número Internacional Estándar del Libro 9788891310125
035 ## - NÚMERO DE CONTROL DEL SISTEMA
Número de control de sistema (Sirsi) a251124
049 ## - FONDOS LOCALES (OCLC)
Biblioteca depositaria PRUA
082 04 - NÚMERO DE LA CLASIFICACIÓN DECIMAL DEWEY
Número de clasificación 930.1
Cutter C97
Número de edición 23
100 1# - ENTRADA PRINCIPAL--NOMBRE DE PERSONA
Nombre de persona Cuomo di Caprio, Ninina,
Término indicativo de función/relación autor.
245 10 - MENCIÓN DEL TÍTULO
Título Ceramics in archaeology :
Resto del título from prehistoric to medieval times in Europe and the Mediterranean : ancient craftsmanship and modern laboratory techniques /
Mención de responsabilidad, etc. Ninina Cuomo di Caprio.
264 #1 - PRODUCCIÓN, PUBLICACIÓN, DISTRIBUCIÓN, FABRICACIÓN Y COPYRIGHT
Producción, publicación, distribución, fabricación y copyright Roma :
Nombre del de productor, editor, distribuidor, fabricante "L'Erma" di Bretschneider,
Fecha de producción, publicación, distribución, fabricación o copyright 2017.
300 ## - DESCRIPCIÓN FÍSICA
Extensión 2 volúmenes :
Otras características físicas ilustraciones ;
Dimensiones 28 centímetros
336 ## - TIPO DE CONTENIDO
Término de tipo de contenido text
Fuente rdacontent
337 ## - TIPO DE MEDIO
Nombre/término del tipo de medio unmediated
Fuente rdamedia
338 ## - TIPO DE SOPORTE
Nombre/término del tipo de soporte volume
Fuente rdacarrier
504 ## - NOTA DE BIBLIOGRAFÍA, ETC.
Nota de bibliografía, etc. Bibliografía: páginas 1-14.
504 ## - NOTA DE BIBLIOGRAFÍA, ETC.
Nota de bibliografía, etc. Índice: páginas 653-664.
505 0# - NOTA DE CONTENIDO CON FORMATO
Nota de contenido con formato Volumen I,
Título Ceramics in archaeology :
Nota de contenido con formato From prehistoric to medieval times in Europe and the Mediterranean : ancient craftsmanship and modern laboratory techniques.
-- Ancient craftsmanship -- Introducing part one -- Clay -- Clay minerals -- Nonclay minerals and incidental constituents -- Technological properties of clay and pottery -- Working the clay -- Forming -- Drying -- Applying coatings to vessels before firing -- Slip and gloss -- Glazing and new technologies in medieval times -- Decorating vessels before firing in antiquity -- Firing.
505 0# - NOTA DE CONTENIDO CON FORMATO
Nota de contenido con formato Volumen II,
Título Ceramics in archaeology :
-- From prehistoric to medieval times in Europe and the Mediterranean : ancient craftsmanship and modern laboratory techniques.
Nota de contenido con formato Modern laboratory techniques -- Introducing part two : archaeological ceramics in the laboratory -- Om optical microscopy for mineralogical characterization -- Thermal techniques -- Physicochemical techniques -- Characterization techniques -- The decade 2001-2010 : a ten-year trend in the application of analytical techniques to archaeological ceramics.
526 ## - NOTA DE INFORMACIÓN SOBRE EL PROGRAMA DE ESTUDIO
Nombre del programa Segunda Especialidad En Profecías Bíblicas
526 ## - NOTA DE INFORMACIÓN SOBRE EL PROGRAMA DE ESTUDIO
Nombre del programa Segunda Especialidad En Nuevo Testamento
526 ## - NOTA DE INFORMACIÓN SOBRE EL PROGRAMA DE ESTUDIO
Nombre del programa Segunda Especialidad En Antiguo Testamento
526 ## - NOTA DE INFORMACIÓN SOBRE EL PROGRAMA DE ESTUDIO
Nombre del programa Segunda Especialidad En Estudios Adventistas
526 ## - NOTA DE INFORMACIÓN SOBRE EL PROGRAMA DE ESTUDIO
Nombre del programa Doctorado en teología
526 ## - NOTA DE INFORMACIÓN SOBRE EL PROGRAMA DE ESTUDIO
Nombre del programa Maestría en teología histórica
526 ## - NOTA DE INFORMACIÓN SOBRE EL PROGRAMA DE ESTUDIO
Nombre del programa Maestría en teología bíblica
526 ## - NOTA DE INFORMACIÓN SOBRE EL PROGRAMA DE ESTUDIO
Nombre del programa Maestría en teología
526 ## - NOTA DE INFORMACIÓN SOBRE EL PROGRAMA DE ESTUDIO
Nombre del programa Maestría en misionología
526 ## - NOTA DE INFORMACIÓN SOBRE EL PROGRAMA DE ESTUDIO
Nombre del programa Maestría en liderazgo eclesiástico
526 ## - NOTA DE INFORMACIÓN SOBRE EL PROGRAMA DE ESTUDIO
Nombre del programa Teología
596 ## -
-- 1
650 04 - PUNTO DE ACCESO ADICIONAL DE MATERIA--TÉRMINO DE MATERIA
Término de materia o nombre geográfico como elemento de entrada Arqueología
Subdivisión general Metodología
Subdivisión de forma Manuales, manuales, etc.
650 04 - PUNTO DE ACCESO ADICIONAL DE MATERIA--TÉRMINO DE MATERIA
Término de materia o nombre geográfico como elemento de entrada Ceramics
Subdivisión de forma Handbooks, manuals, etc.
910 ## - DATOS DE OPCIÓN DEL USUARIO (OCLC)
Datos de opción del usuario dbm
-- sag
-- sag
-- 20181220
942 ## - ELEMENTOS DE ENTRADA SECUNDARIOS (KOHA)
Fuente del sistema de clasificación o colocación Clasificación Decimal Dewey
Tipo de ítem Koha
994 ## -
-- C0
-- PEPRU
999 ## - NÚMEROS DE CONTROL DE SISTEMA (KOHA)
-- DEWEY
-- 79428
-- 2021-11-9
-- 3
-- CCODEBUL1
-- BUL
-- 90.00
-- 0
-- Y
-- BOOK
-- 2018-12-20
-- TEOLOGIA
-- P85
-- COMPRA
-- FCOMPR2
-- .STAFF. Colección Teología
999 ## - NÚMEROS DE CONTROL DE SISTEMA (KOHA)
-- DEWEY
-- 79429
-- 2021-11-9
-- 3
-- CCODEBUL1
-- BUL
-- 90.00
-- 0
-- Y
-- BOOK
-- 2018-12-26
-- TEOLOGIA
-- P85
-- COMPRA
-- FCOMPR2
-- .STAFF. Colección Teología
980 ## - EQUIVALENCIA O REFERENCIA-CRUZADA-MENCIÓN DE SERIE--NOMBRE DE PERSONA/TÍTULO [LOCAL, CANADÁ]
ID del último usuario que modificó el registro 1
Nombre del último usuario que modificó el registro ALBERTO SANCHEZ Responsable de Automatización
Existencias
Visto por última vez Número de inventario Total de préstamos Signatura topográfica completa Código de barras Copia número Coste, precio de reemplazo Fecha de reemplazo Facultad Tipo de ítem Koha Nota pública Estado de pérdida Fuente del sistema de clasificación o colocación Restricciones de uso No para préstamo Colección Programa académico Biblioteca de origen Biblioteca actual Ubicación en estantería Fecha de adquisición Fuente de adquisición Coste, precio normal de compra
2025-12-02 4   220.93 T4 1 79428 e1 95.00 2018-12-20   Libros físicos inventario-2023-12-13 No Perdido Clasificación Decimal Dewey No restringido Disponible para préstamos Colección General Maestría en teología Biblioteca CRAI UPeU Lima Biblioteca CRAI UPeU Lima Sala principal 2018-12-20 COMPRA 90.00
2025-12-02 4   220.93 T4 2 79429 e1 95.00 2018-12-26   Libros físicos inventario-2023-12-13 No Perdido Clasificación Decimal Dewey No restringido Disponible para préstamos Colección General Maestría en teología Biblioteca CRAI UPeU Lima Biblioteca CRAI UPeU Lima Sala principal 2018-12-26 COMPRA 90.00